| Tag |
First Indicator |
Second Indicator |
Subfields |
| LEADER |
00000nam a2200000Ia 4500 |
| 001 |
in00004206708 |
| 005 |
20200806091404.0 |
| 006 |
m g d |
| 007 |
cr bn |||a|bb| |
| 008 |
910222s1616 enkb o 00| | eng d |
| 035 |
|
|
|a (OCoLC)23136679
|
| 040 |
|
|
|a EBL
|c EBL
|d WaOLN
|
| 037 |
|
|
|a CL0036000052
|b ProQuest. 789 E. Eisenhower Parkway, Ann Arbor, MI 48108-3218
|
| 043 |
|
|
|a n-usn--
|
| 045 |
1 |
|
|b d1614
|b d1616
|
| 090 |
|
|
|a F7
|b .S64 1616
|
| 049 |
|
|
|a UMIA
|
| 100 |
1 |
|
|a Smith, John,
|d 1580-1631.
|
| 245 |
1 |
2 |
|a A description of New England, or, The observations, and discoueries, of Captain Iohn Smith (Admirall of that country) in the north of America, in the year of our Lord 1614 :
|b with the successe of sixe ships, that went the next yeare 1615, and the accidents befell him among the French men of warre : with the proofe of the present benefit this countrey affoords, whither this present yeare, 1616, eight voluntary ships are gone to make further tryall.
|
| 260 |
|
|
|a At London :
|b Printed by Humfrey Lownes, for Robert Clerke, and are to be sould at his house called the Lodge, in Chancery lane, ouer against Lincolnes Inne,
|c 1616.
|
| 300 |
|
|
|a 1 online resource ([16], 61, [2] pages :
|b 1 map.
|
| 336 |
|
|
|a text
|b txt
|2 rdacontent
|
| 337 |
|
|
|a computer
|b c
|2 rdamedia
|
| 338 |
|
|
|a online resource
|b cr
|2 rdacarrier
|
| 500 |
|
|
|a At head of title: For the right honourable the Lord Elesmore Lord High Chancelor of England.
|
| 500 |
|
|
|a Signatures: [par.]⁴ A-I⁴.
|
| 500 |
|
|
|a Folded map of New England inserted at end.
|
| 500 |
|
|
|a Includes marginal notes.
|
| 500 |
|
|
|a Reproduction of original in the Henry E. Huntington Library and Art Gallery.
|
| 510 |
4 |
|
|a STC (2nd edition)
|c 22788.3
|
| 533 |
|
|
|a Electronic reproduction.
|b Ann Arbor, Mich. :
|c UMI,
|d 1999-
|f (Early English books online)
|n Digital version of: (Early English books, 1475-1640 ; 1781:21)
|7 s1999 miun s
|
| 651 |
|
0 |
|a New England
|x Description and travel.
|
| 651 |
|
0 |
|a New England
|x Description and travel
|v Early works to 1800.
|
| 740 |
0 |
|
|a Observations, and discoueries, of Captain Iohn Smith.
|
| 830 |
|
0 |
|a Early English books online.
|
| 856 |
4 |
0 |
|u http://proxy.library.tamu.edu/login?url=https://search.proquest.com/docview/2248530532
|z Connect to the full text of this electronic book
|t 0
|
| 999 |
f |
f |
|s 02bba218-a3f5-3275-95de-f3ebf3165c96
|i f49e0291-2598-354e-8c8b-d417f499fe27
|t 0
|
| 952 |
f |
f |
|a Texas A&M University
|b College Station
|c Electronic Resources
|d Available Online
|t 0
|e F7 .S64 1616
|h Library of Congress classification
|
| 998 |
f |
f |
|a F7 .S64 1616
|t 0
|l Available Online
|